Estadísticas para Países con Ley Islámica

Haz click aquí para intentar la prueba.

Estadísticas generales

  • Esta prueba ha sido intentada 3.047 veces
    (3.005 desde el último reinicio)
  • La puntuación promedio es 7 de 11

Estadísticas de respuestas

País% Correcto
Arabia Saudita
97%
Irán
95%
Irak
93%
Yemen
87%
Afganistán
84%
Catar
83%
Pakistán
83%
Sudán
49%
Mauritania
30%
Brunéi
29%
Maldivas
19%

Distribución de puntuación

Porcentaje por número respondido

Porcentaje de gente con cada puntuación

Historial de tus puntuaciones

No has intentado esta prueba desde el último reinicio